000 00299nam a2200109Ia 4500
008 200302s9999 xx 000 0 und d
100 _aPete Sivier Will Mclean
245 _aStructural Engineering for Architects: A HandBook
260 _bLaurene King Publishing Ltd.
260 _c2013
300 _a208
999 _c3626
_d3626